|
|
|
|
| LEADER |
00000nam a2200000 a 4500 |
| 001 |
vtls010284732 |
| 003 |
SK-MaSNL |
| 005 |
20260301084522.0 |
| 008 |
240314s2010 rb a 000 0 slo |
| 015 |
|
|
|a SNBZSA2012-00540
|
| 020 |
|
|
|a 9788617168900
|q (brož.)
|
| 035 |
|
|
|a 47A98B0A-41DC-41BE-918A-B0A43087CD0C
|
| 035 |
|
|
|a urn:nbn:sk:snk-amtfmf
|
| 035 |
|
|
|a urn:nbn:sk:snk-am00cc7h
|
| 040 |
|
|
|a SNK
|b slo
|c SNK
|e AACR2
|
| 041 |
0 |
|
|a slo
|
| 044 |
|
|
|a rb
|c RS
|
| 080 |
|
|
|a 37.016:811.162.4
|x (075.2)
|x (076)
|2 2001
|
| 080 |
|
|
|a 811.162.4
|2 2001
|
| 080 |
|
|
|a 81`271
|2 2001
|
| 100 |
1 |
|
|a Týr, Michal,
|d 1942-2013
|4 aut
|9 170740
|
| 245 |
1 |
0 |
|a Slovenský jazyk a kultúra vyjadrovania
|c Michal Týr, Zuzana Týrová ; [ilustrácie Aleksandar Stojšić]
|
| 250 |
|
|
|a 1. vyd.
|
| 260 |
|
|
|a Beograd
|b Zavod za udžbenike
|c 2010
|
| 300 |
|
|
|a 128 s.
|b ilustr.
|c 27 cm
|
| 500 |
|
|
|a 1200 výt.
|
| 650 |
0 |
7 |
|a slovenčina
|2 snkph
|9 1350
|
| 650 |
0 |
7 |
|a jazyková kultúra
|2 snkph
|9 1395
|
| 655 |
|
7 |
|a učebnice základných škôl
|2 snkph
|9 70187
|
| 655 |
|
7 |
|a pracovné zošity
|2 snkph
|9 70188
|
| 700 |
1 |
|
|a Týrová, Zuzana,
|d 1978-
|4 aut
|9 373334
|
| 700 |
1 |
|
|a Stojšić, Aleksandar
|4 ill
|9 413066
|
| 919 |
|
|
|a 978-86-17-16890-0
|
| 958 |
|
|
|a ZS
|
| 958 |
|
|
|a NM
|
| 958 |
|
|
|a RS
|
| 999 |
|
|
|c 663620
|d 665550
|
| 952 |
|
|
|a SNK
|b SNK
|y PREZ
|7 0
|p 17A0707681
|o snkSB 81739
|i snk2011/15516
|8 2
|g 6.00
|0 0
|1 0
|4 0
|d 2011-06-09
|f 1
|l 0
|r 2025-05-05 00:00:00
|w 2026-02-23
|